00651nam a22002057a 450000500170000001000150001702000260003203500130005803700130007108200110008424501480009526000280024327000520027130000270032365000160035065000220036665000190038870000200040770000180042720100814161223.0 aENG-100552 a9788189884727c395.00 aEN-84085 bDBAD/PUB a323.46 aLand tenure,gender and globlization :bresearch and analysis from Africa, Asia and Latin America /cedited by Dzodzi Tsikata [and] Pamela Golah aNew DelhibZubaanc2010 a128 B Shahpur Jat,1st floor,bNew Delhie110049 axii, 299p.c23cm (pbk) aLand Reform aRight to Property aWomen's Rights aTsikata, Dzodzi aGolah, Pamela